01015cam a22002778a 450000500170000000800410001701000140005802000260007202000230009803500130012103700150013404000180014908200120016710000190017924500900019826000470028827000480033530000290038350000510041265000320046365000350049570000200053094200260055099900170057695201440059320080916184717.0080911s2008 ii 001 0 eng  aENG-91953 a9788176299909c880.00 a8176299901c880.00 aEN-75486 bDBAD / PUB adplbEnglish  a332.673 aSuvranshu Pan  aForeign direct investment and trade in India /cby Suvranshu Pan [and] Raj Kumar Sen  aNew Delhi bDeep & Deep Publicationsc2007 aF-159, Rajouri Garden, bNew Delhi e110027 aviii, 348p. c23cm (Hb)  aIncludes bibliographical references and index. aInvestments, ForeignzIndia aForeign trade promotionzIndia aSen, Raj Kumar  2ddccENmSUVh332.673 c19373d19373 00102ddc40718NFICaDBADbDBADd2008-12-02eDBAD / PUBg880.00l0o332.673 SUVpEN-75486r2008-12-02 00:00:00t1v880.00w2008-12-02yEN